000 00769nab a2200229 u 4500
001 16273
003 HDC
007 cr bn ---aaaaa
008 210220c20100220xx dr|noo 0 a eng d
040 _aHDC
245 0 _aIn eight of 362 Quick burger joints in France they've gone pork-less
260 _a[No place] :
_b[publisher not identified],
_c2010
336 _atext
_2rdacontent
337 _acomputer
_2rdamedia
338 _aonline resource
_2rdacarrier
650 _aFood industry
_9536
650 _aRestaurants
_92152
856 _zRequest full-text at [email protected]
942 _2lcc
942 _cNEWS
942 _kNWSO 005672
999 _c13589
_d13589